Statika ve strojírenství

Podrobná bibliografia
Hlavný autor: Rossi, Vladimír (Autor)
Médium: Kniha
Jazyk:neznámy jazyk
Fyzický popis:206 s.
Vydavateľské údaje: Praha Státní nakladatelství technické literatury 1969

MARC

LEADER 00000nam a2200000 a 4500
001 vtls001264165
003 SK-MaSNL
005 20260301064403.0
008 240315s1969 xx 0 und
035 |a SNK000215079 
040 |a SNK  |b slo  |c SNK  |e AACR2 
100 1 |a Rossi, Vladimír  |4 aut  |9 381623 
245 1 |a Statika ve strojírenství 
260 |a Praha  |b Státní nakladatelství technické literatury  |c 1969 
300 |a 206 s. 
958 |a OND 
999 |c 626652  |d 628582 
952 |t P60, <04>, [BOOK], {604}  |a SNK  |b SNK  |y VYP  |7 0  |p 17A0015575  |o snkIB 22131 D2  |0 0  |1 0  |4 0  |d 1996-10-23  |l 0  |r 2005-01-01 00:00:00  |w 2026-02-23 
952 |t P60, <04>, [BOOK], {604}  |a SNK  |b SNK  |y VYP  |7 0  |p 17A0137392  |o snkIB 22131  |0 0  |1 0  |4 0  |d 1998-04-30  |l 0  |r 2005-01-01 00:00:00  |w 2026-02-23